000 00367nam a2200145Ia 4500
008 150201s2004 xx 000 0 und d
082 _a617.3
_bE04J
100 _aJOSHI , JAYANT
245 _aESSENTIALS OF ORTHOPAEDICS & APPLIED PHYSIOTHERAPY
250 _a1ST
260 _bELSVIER
_aINDIA
_c2004
300 _a1-592
650 _aORTHOPEDICS
942 _2ddc
_cBK
_061
999 _c1489
_d1489